000 00962nam a2200277 a 4500
001
003 DO-SdBNP
005 20220302113718.0
008 090925t1992 dr r 001 p spa d
020 _a8489525420
040 _aDO-SdBNP
_bspa
_cBPMSU
082 _a861.3
_bP438p 1992
_222
100 1 _aPérez Barroso, Ángel,
_d1947-
245 1 3 _aUn poeta actual del siglo XVI :
_bSan Juan de la Cruz /
_cÁngel Pérez Barroso.
260 _aSanto Domingo :
_bInstituto Tecnológico de Santo Domingo,
_c1992.
300 _a140 p. ;
_c21 cm.
500 _aIncluye datos biográficos del autor en la solapa de la cubierta.
504 _aBibliográfía : p. 127-140.
590 _aInventariado, 2022/VM
600 1 4 _aCruz, San Juan de la
_cSanto,
_d1542-1591
_xCrítica e interpretación
650 4 _aPoesía española
650 4 _aLiteratura española
710 2 _aInstituto Tecnológico de Santo Domingo
910 _a VMateo V
942 _2ddc
_cBK
999 _c14050
_d14050